[Event "9. Longericher Sommer-Open"]
[Site "9. Longericher Sommer-Open"]
[Date "2012.08.04"]
[Round "2.26"]
[White "Liebsch, Felix"]
[Black "Jordans, Ralph"]
[Result "1/2-1/2"]
[WhiteElo "1729"]
[BlackElo "1865"]
[PlyCount "100"]
[EventDate "2012.??.??"]
[WhiteTeam "SC Bayer Leverkusen e.V."]
[BlackTeam "Ford-SF Köln e.V."]

1. e4 c5 2. Nf3 d6 3. Bb5+ Bd7 4. Bxd7+ Qxd7 5. O-O Nc6 6. d4 cxd4 7. Nxd4 Nf6
8. Re1 g6 9. c4 Bg7 10. Nc3 O-O 11. h3 Rfd8 12. Be3 Ne5 13. Qe2 Rac8 14. b3 b6
15. Rac1 Qb7 16. f4 Ned7 17. f5 Ne5 18. Bf4 Nh5 19. Bh2 Bh6 20. Rcd1 a6 21. a4
Nf6 22. Nd5 Bg7 23. Qd2 Nc6 24. Nf3 Nd7 25. fxg6 hxg6 26. Qg5 Nde5 27. Nxe5
dxe5 28. Kh1 Kh7 29. Qh4+ Kg8 30. Qg5 Rd7 31. Bg1 Nd4 32. Bxd4 exd4 33. e5 Rxd5
34. cxd5 Qxd5 35. Qxe7 Rc2 36. Qg5 d3 37. Rd2 Bf8 38. Rxc2 dxc2 39. Qe3 Ba3 40.
Qc3 c1=Q 41. Rxc1 Bxc1 42. Qxc1 Qxb3 43. Qc8+ Kg7 44. Qxa6 Qd1+ 45. Kh2 Qd4 46.
Qb5 Qf4+ 47. Kg1 Qe3+ 48. Kh2 Qf4+ 49. Kg1 Qe3+ 50. Kh2 Qf4+ 1/2-1/2

[Event "9. Longericher Sommer-Open"]
[Site "9. Longericher Sommer-Open"]
[Date "2012.08.04"]
[Round "2.27"]
[White "Runte, Dirk"]
[Black "Heinemann, Josefine"]
[Result "1/2-1/2"]
[WhiteElo "1639"]
[BlackElo "1852"]
[PlyCount "77"]
[EventDate "2012.??.??"]
[WhiteTeam "SV Fideler Bauer Lever"]
[BlackTeam "SG Aufbau Elbe Magdeburg"]

1. d4 Nf6 2. c4 g6 3. g3 Bg7 4. Bg2 d5 5. cxd5 Nxd5 6. e4 Nb6 7. Ne2 O-O 8. O-O
Bg4 9. f3 Bc8 10. Nbc3 e6 11. b3 Qe7 12. a4 Rd8 13. a5 N6d7 14. Ba3 Qe8 15. Nb5
Na6 16. Rc1 c5 17. Qc2 Ne5 18. Nc7 Nxc7 19. dxe5 b6 20. f4 Ba6 21. Rfd1 Qb5 22.
axb6 axb6 23. Nc3 Qe8 24. Na4 Qc6 25. Rxd8+ Rxd8 26. Rd1 Rxd1+ 27. Qxd1 h5 28.
Qd6 Qb5 29. Nxb6 Qe2 30. h3 Qe1+ 31. Kh2 Bf1 32. Bxf1 Qxf1 33. Qd2 Qb5 34. Nd7
Qxb3 35. Bxc5 Qf3 36. Nf6+ Bxf6 37. exf6 Qxe4 38. Qd4 Qe2+ 39. Qf2 1/2-1/2

[Event "9. Longericher Sommer-Open"]
[Site "9. Longericher Sommer-Open"]
[Date "2012.08.04"]
[Round "2.28"]
[White "Zilberman, Rodion"]
[Black "Janssen, Wolfgang"]
[Result "0-1"]
[WhiteElo "1844"]
[BlackElo "1697"]
[PlyCount "78"]
[EventDate "2012.??.??"]
[WhiteTeam "SF Köln-Longerich 195"]
[BlackTeam "SV Bayer Dormagen 47"]

1. d4 Nf6 2. c4 g6 3. Nc3 Bg7 4. e4 d6 5. f3 O-O 6. Be3 Nc6 7. Nge2 e5 8. d5
Ne7 9. Qd2 Nd7 10. g4 f5 11. gxf5 gxf5 12. Bh6 Ng6 13. Bxg7 Qh4+ 14. Kd1 Kxg7
15. Ng3 fxe4 16. fxe4 Nf6 17. Bd3 Nf4 18. Kc2 Kh8 19. Nce2 Nxd3 20. Qxd3 Bh3
21. Rhe1 Ng4 22. Nf5 Rxf5 23. exf5 Nf2 24. Qf3 Qxc4+ 25. Nc3 Qf4 26. Qxf4 exf4
27. f6 Bf5+ 28. Kd2 Nd3 29. Re7 Rg8 30. Ne4 Ne5 31. Nf2 Rf8 32. Rxc7 Rxf6 33.
Rxb7 Rg6 34. Rc1 Rg2 35. Rcc7 Rxf2+ 36. Kc3 Rc2+ 37. Kb3 Rxc7 38. Rxc7 f3 39.
Rc1 Bh3 0-1

[Event "9. Longericher Sommer-Open"]
[Site "9. Longericher Sommer-Open"]
[Date "2012.08.05"]
[Round "3.1"]
[White "Mladenov, Svetlin"]
[Black "Karwatzki, Hans-Jürgen"]
[Result "1-0"]
[WhiteElo "2352"]
[BlackElo "1619"]
[PlyCount "73"]
[EventDate "2012.??.??"]
[WhiteTeam "SV Wattenscheid 1930"]
[BlackTeam "Vereinigung der Schachsportfreun"]

1. e4 e5 2. Nf3 Nc6 3. Bb5 Nf6 4. d3 Bc5 5. c3 O-O 6. O-O d6 7. Nbd2 Bb6 8. Nc4
Ne7 9. Ba4 Ng6 10. Re1 Bg4 11. h3 Be6 12. Bb3 Qd7 13. d4 Bxc4 14. Bxc4 Rad8 15.
Bb3 Nh5 16. Bg5 Rde8 17. dxe5 Ng3 18. Be3 Bxe3 19. Rxe3 Nh5 20. Ba4 c6 21. Qxd6
Qc8 22. Bb3 Rd8 23. Qc5 Nhf4 24. Qc4 Ne6 25. Rd3 Ngf4 26. Rd6 Rxd6 27. exd6 b5
28. Qf1 Nc5 29. Bc2 Qe6 30. e5 a5 31. Bxh7+ Kh8 32. Bc2 a4 33. a3 Nd7 34. Re1
Qh6 35. g3 Ng6 36. h4 Re8 37. Qh3 1-0

[Event "9. Longericher Sommer-Open"]
[Site "9. Longericher Sommer-Open"]
[Date "2012.08.05"]
[Round "3.2"]
[White "Neubauer, Jürgen"]
[Black "Rotstein, Jefim"]
[Result "0-1"]
[WhiteElo "2119"]
[BlackElo "2267"]
[PlyCount "112"]
[EventDate "2012.??.??"]
[WhiteTeam "SK Turm Euskirchen 65"]
[BlackTeam "Ford-SF Köln e.V."]

1. e4 c5 2. Nf3 e6 3. b4 cxb4 4. d4 Nf6 5. Bd3 d5 6. e5 Ne4 7. O-O b6 8. Re1
Bb7 9. a3 a5 10. Nfd2 Nxd2 11. Bxd2 Nc6 12. Qg4 h5 13. Qf4 Ba6 14. Bxa6 Rxa6
15. axb4 Bxb4 16. c3 Be7 17. Qg3 g6 18. Na3 Bxa3 19. Rxa3 b5 20. Qd3 Rb6 21.
Rb1 b4 22. cxb4 axb4 23. Rab3 Qe7 24. h3 O-O 25. g4 hxg4 26. hxg4 Qh4 27. f3
Rfb8 28. Be1 Qe7 29. R3b2 Kg7 30. Rf2 Rg8 31. Qe3 Kf8 32. Rc2 Ke8 33. Qc1 Qb7
34. Bh4 Nxd4 35. Rc8+ Kd7 36. Qc5 Ne2+ 37. Kf2 Qxc8 38. Qxb6 Qb8 39. Qe3 Rh8
40. Qxe2 Rxh4 41. Kg3 Rh8 42. Qe3 f6 43. f4 fxe5 44. fxe5 Rc8 45. Qf4 Rc3+ 46.
Kg2 Kc6 47. Rxb4 Qa7 48. Ra4 Qb6 49. Ra2 Qb3 50. Qf2 d4 51. Ra8 Qd5+ 52. Kh2
Qxe5+ 53. Kg2 Qe4+ 54. Kh2 Rf3 55. Qg2 Kd6 56. Rf8 Qe5+ 0-1

[Event "9. Longericher Sommer-Open"]
[Site "9. Longericher Sommer-Open"]
[Date "2012.08.05"]
[Round "3.3"]
[White "Weinmann-Musset, Manfred"]
[Black "Harff, Marcel"]
[Result "0-1"]
[WhiteElo "1812"]
[BlackElo "2205"]
[PlyCount "70"]
[EventDate "2012.??.??"]
[WhiteTeam "Ford-SF Köln e.V."]
[BlackTeam "SG Hochneukirch"]

1. d4 e6 2. c4 Nf6 3. Nc3 Bb4 4. Bg5 c5 5. d5 exd5 6. cxd5 d6 7. e3 Nbd7 8. Bb5
h6 9. Bh4 a6 10. Ba4 b5 11. Bc2 Bb7 12. Nge2 Nb6 13. O-O g5 14. Bg3 Qe7 15. e4
Nc4 16. Qc1 O-O-O 17. a3 Ba5 18. b3 Ne5 19. Nd1 Kb8 20. Ne3 Bc8 21. b4 Bb6 22.
a4 c4 23. axb5 axb5 24. Nc3 Nh5 25. Bxe5 dxe5 26. Qa3 Bb7 27. Nf5 Qd7 28. Nxb5
Qxb5 29. Ba4 Qa6 30. Qc3 Nf4 31. Qxe5+ Bc7 32. Qb2 c3 33. Qc2 Qe2 34. Qxc3 Qxe4
35. Qc2 Qxg2# 0-1

[Event "9. Longericher Sommer-Open"]
[Site "9. Longericher Sommer-Open"]
[Date "2012.08.05"]
[Round "3.4"]
[White "Gutt, Oswald"]
[Black "Pieper, Dawid"]
[Result "0-1"]
[WhiteElo "1857"]
[BlackElo "2124"]
[PlyCount "54"]
[EventDate "2012.??.??"]
[WhiteTeam "Bergische SF 1923 Ber"]
[BlackTeam "SVigung 1920 Plettenbe"]

1. c4 e5 2. Nc3 Bb4 3. g3 Nf6 4. Bg2 O-O 5. e3 Bxc3 6. bxc3 Nc6 7. d4 d6 8. Ne2
Bf5 9. O-O Qd7 10. f3 e4 11. Nf4 exf3 12. Bxf3 Rfe8 13. Nd5 Nxd5 14. Bxd5 Na5
15. Qf3 Bg6 16. c5 c6 17. Bb3 d5 18. Bd2 Re6 19. Qg4 Rae8 20. c4 Nxc4 21. Bxc4
dxc4 22. Rac1 Qd5 23. Rc3 h5 24. Qd1 b5 25. cxb6 axb6 26. Qa4 b5 27. Qa5 h4 0-1

[Event "9. Longericher Sommer-Open"]
[Site "9. Longericher Sommer-Open"]
[Date "2012.08.05"]
[Round "3.5"]
[White "Maczkowiak, Thomas"]
[Black "Heedt, Thorsten"]
[Result "0-1"]
[WhiteElo "1843"]
[BlackElo "2096"]
[PlyCount "134"]
[EventDate "2012.??.??"]
[WhiteTeam "Märkischer Springer Halver-Schal"]
[BlackTeam "SG Porz e.V."]

1. Nf3 c5 2. c4 g6 3. Nc3 Bg7 4. d4 cxd4 5. Nxd4 Nc6 6. Nxc6 bxc6 7. e4 d6 8.
Bd3 Nf6 9. O-O O-O 10. f3 e5 11. Be3 Be6 12. Qe2 Qe7 13. Rfd1 Rfd8 14. Rac1
Rab8 15. b3 Rd7 16. Bg5 h6 17. Bxf6 Qxf6 18. Bc2 Rdd8 19. Kh1 h5 20. Rd3 Qe7
21. Re1 Bh6 22. Qf2 Bg5 23. Rdd1 Bh4 24. g3 Bf6 25. Qe3 h4 26. g4 Bg5 27. Qf2
Qc7 28. Bb1 a5 29. Bc2 Bc8 30. Rd3 Ba6 31. Red1 Kg7 32. h3 Qe7 33. Ne2 a4 34.
Kh2 Qc7 35. Kh1 Qe7 36. Kh2 Rd7 37. Kg1 Rbd8 38. Qb6 axb3 39. Bxb3 Bb7 40. Kg2
f5 41. Nc3 fxg4 42. hxg4 h3+ 43. Kh1 Qf6 44. Qf2 Qe7 45. Ne2 Qf8 46. Ng1 Qh8
47. Qh2 Kf8 48. Ne2 Qf6 49. Kg1 Rh7 50. Kh1 c5 51. Kg1 Ke7 52. Kh1 Rh4 53. Rg1
Rf8 54. Rg3 Qh8 55. Rg1 Rf6 56. Rg3 Rf7 57. Kg1 Rfh7 58. Kh1 Qa8 59. Qf2 h2 60.
Rc3 Qa5 61. Rd3 Qb4 62. Rd1 Qa3 63. Rf1 Qb2 64. Re1 Qd2 65. Rd1 Qb2 66. Re1 Bf4
67. Nxf4 Qxf2 {ZÜ} 0-1

[Event "9. Longericher Sommer-Open"]
[Site "9. Longericher Sommer-Open"]
[Date "2012.08.05"]
[Round "3.6"]
[White "Hobusch, Jan"]
[Black "Vranidis, Athanassios"]
[Result "1/2-1/2"]
[WhiteElo "2042"]
[BlackElo "1745"]
[PlyCount "40"]
[EventDate "2012.??.??"]
[WhiteTeam "SG Bochum 1931"]
[BlackTeam "SG Solingen e.V."]

1. d4 Nf6 2. Bf4 d5 3. e3 e6 4. Nf3 c5 5. c3 cxd4 6. exd4 Bd6 7. Ne5 O-O 8. Nd2
Nc6 9. Bd3 Qc7 10. Qe2 a6 11. a4 Bd7 12. O-O Ne7 13. Nxd7 Nxd7 14. Bxd6 Qxd6
15. f4 Nf6 16. Rae1 Rfe8 17. g3 Qc6 18. a5 Qc7 19. Ra1 Nc8 20. Rac1 Nd6 1/2-1/2

[Event "9. Longericher Sommer-Open"]
[Site "9. Longericher Sommer-Open"]
[Date "2012.08.05"]
[Round "3.7"]
[White "Begri, Robert"]
[Black "Dijkhuis, Sven"]
[Result "1/2-1/2"]
[WhiteElo "2031"]
[BlackElo "1724"]
[PlyCount "86"]
[EventDate "2012.??.??"]
[WhiteTeam "Tischtennisclub Grün-Weiß Fritzd"]
[BlackTeam "Schaakclub Utrecht"]

1. d4 Nf6 2. Nf3 g6 3. c4 Bg7 4. Nc3 O-O 5. e4 d6 6. Be2 e5 7. dxe5 dxe5 8.
Qxd8 Rxd8 9. Bg5 Re8 10. Rd1 c6 11. O-O (11. Nxe5 Rxe5 12. Rd8+ Re8 13. Bxf6)
11... Na6 12. Rd6 Be6 13. Be3 Ng4 14. Bc1 Bf8 15. Rdd1 Nc5 16. Ng5 Bc8 17. Rfe1
h6 18. Nf3 Nf6 19. Nd2 Be6 20. f3 a5 21. Nf1 Na6 22. Be3 Bc5 23. Na4 Bxe3+ 24.
Nxe3 Nd7 25. a3 Nac5 26. Nxc5 Nxc5 27. b4 axb4 28. axb4 Nb3 29. b5 Nd4 30. bxc6
bxc6 31. Rd2 Ra3 32. Kf2 Rb8 33. Red1 Rc3 34. Bd3 Rbb3 35. h3 Ra3 36. Ng4 Bxg4
37. hxg4 Kg7 38. Bf1 Nc2 39. Rc1 Nd4 40. Rcd1 g5 41. Rb1 Rab3 42. Ra1 Ra3 43.
Rb1 Rab3 1/2-1/2

[Event "9. Longericher Sommer-Open"]
[Site "9. Longericher Sommer-Open"]
[Date "2012.08.05"]
[Round "3.8"]
[White "Begri, Felix"]
[Black "Martino-Groß, Peter"]
[Result "1/2-1/2"]
[WhiteElo "1775"]
[BlackElo "1972"]
[PlyCount "53"]
[EventDate "2012.??.??"]
[WhiteTeam "Tischtennisclub Grün-Weiß Fritzd"]
[BlackTeam "Ohligser Turnverein 1888 e.V."]

1. d4 Nf6 2. c4 g6 3. Nc3 d5 4. Nf3 Bg7 5. Qb3 dxc4 6. Qxc4 O-O 7. e4 Na6 8. e5
Be6 9. exf6 Bxc4 10. fxg7 Kxg7 11. Bxc4 Nb4 12. Bb3 Nd3+ 13. Ke2 Nxc1+ 14.
Raxc1 e6 15. Rhd1 c6 16. Kf1 Qe7 17. Ne4 h6 18. Nc5 Rac8 19. Rc3 b6 20. Ne4 Rc7
21. Re3 Rd8 22. Nc3 Qb4 23. Re4 Qf8 24. Ne5 Rd6 25. Nc4 Rd8 26. Ne5 Rd6 27. Nc4
1/2-1/2

[Event "9. Longericher Sommer-Open"]
[Site "9. Longericher Sommer-Open"]
[Date "2012.08.05"]
[Round "3.9"]
[White "de Vivie, Achim"]
[Black "Jiritschka, Wolfgang"]
[Result "1/2-1/2"]
[WhiteElo "1727"]
[BlackElo "1865"]
[PlyCount "45"]
[EventDate "2012.??.??"]
[WhiteTeam "SF Köln-Longerich 195"]
[BlackTeam "SC Bayer Leverkusen e.V."]

1. e4 c5 2. Nc3 Nc6 3. Nf3 g6 4. d4 cxd4 5. Nxd4 Bg7 6. Be3 a6 7. Qd2 d6 8. Bc4
Nf6 9. f3 O-O 10. g4 Qc7 11. Bb3 Ne5 12. h4 Nc4 13. Bxc4 Qxc4 14. h5 Rd8 15.
hxg6 fxg6 16. O-O-O e5 17. Nb3 Be6 18. Bg5 Rac8 19. Qh2 Rd7 20. Qh4 Rf8 21. Bh6
Bxh6+ 22. Qxh6 b5 23. Nd2 1/2-1/2

[Event "9. Longericher Sommer-Open"]
[Site "9. Longericher Sommer-Open"]
[Date "2012.08.05"]
[Round "3.10"]
[White "Flüchter, Gregor"]
[Black "Niesel, Matthias P"]
[Result "0-1"]
[WhiteElo "1934"]
[BlackElo "2088"]
[PlyCount "112"]
[EventDate "2012.??.??"]
[WhiteTeam "SF Brackel 1930 e.V."]

1. e4 c6 2. d4 g6 3. Nf3 d5 4. exd5 cxd5 5. c4 Nf6 6. Nc3 Bg7 7. Bd3 O-O 8. O-O
Nc6 9. a3 Bg4 10. Be3 e5 11. dxe5 Nxe5 12. Be2 Bxf3 13. Bxf3 Nxc4 14. Nxd5 Nxd5
15. Bxd5 Nxe3 16. fxe3 Qb6 17. Qb3 Qxb3 18. Bxb3 Rae8 19. Rf3 Bxb2 20. Ra2 Be5
21. Bd5 Re7 22. e4 Rc7 23. g3 Kg7 24. Kg2 f6 25. a4 b6 26. Rb3 Rfc8 27. Rd3 Rc5
28. Rad2 R8c7 29. Be6 Kh6 30. h4 g5 31. Bf5 Rc3 32. hxg5+ Kxg5 33. g4 Rc2 34.
Kf1 Rxd2 35. Rxd2 h6 36. Ra2 Rc5 37. Ke2 Kf4 38. Kd3 Rc3+ 39. Kd2 Rh3 40. Kc2
Rc3+ 41. Kd2 Rc5 42. Kd3 a6 43. Ra3 Rc6 44. Ra2 b5 45. axb5 axb5 46. Ra3 b4 47.
Rb3 Bc3 48. Rb1 Ke5 49. Kc2 Kd4 50. Kb3 Bd2 51. Rb2 Ke3 52. Rc2 Rd6 53. Kb2 Ra6
54. Bg6 Ra3 55. Rc4 Kd3 56. Rc8 Bc3+ 0-1

[Event "9. Longericher Sommer-Open"]
[Site "9. Longericher Sommer-Open"]
[Date "2012.08.05"]
[Round "3.11"]
[White "Brecker, Hans-Jörg"]
[Black "Freundlieb, Thomas"]
[Result "1/2-1/2"]
[WhiteElo "1893"]
[BlackElo "2055"]
[PlyCount "65"]
[EventDate "2012.??.??"]
[WhiteTeam "SF Erkelenz 1959 e.V."]
[BlackTeam "SV Bergneustadt/Dersch"]

1. d4 d6 2. c4 g6 3. Nf3 Bg7 4. Nc3 Bg4 5. e3 c5 6. Be2 cxd4 7. exd4 Nh6 8. O-O
O-O 9. Bg5 Nf5 10. h3 Bxf3 11. Bxf3 Nc6 12. Bxc6 bxc6 13. Be3 c5 14. dxc5 Nxe3
15. fxe3 Bxc3 16. bxc3 dxc5 17. Qxd8 Rfxd8 18. Rfd1 e6 19. Rab1 Kg7 20. Kf1
Rxd1+ 21. Rxd1 Rb8 22. Rd2 a5 23. Ke2 a4 24. Rd6 Rb2+ 25. Kd3 Rxa2 26. Rc6 Rxg2
27. Rxc5 a3 28. Ra5 a2 29. c5 Kf8 30. Kc4 Rb2 31. c6 Ke7 32. Kc5 Kd8 33. c4
1/2-1/2

[Event "9. Longericher Sommer-Open"]
[Site "9. Longericher Sommer-Open"]
[Date "2012.08.05"]
[Round "3.12"]
[White "Kuhn, Andreas"]
[Black "Evers, Leo"]
[Result "1/2-1/2"]
[WhiteElo "1824"]
[BlackElo "2034"]
[PlyCount "38"]
[EventDate "2012.??.??"]
[WhiteTeam "SG Niederkassel"]
[BlackTeam "SG Porz e.V."]

1. c4 c5 2. g3 Nc6 3. Bg2 g6 4. Nc3 Bg7 5. Nf3 e6 6. O-O Nge7 7. e3 e5 8. d4
exd4 9. exd4 Nxd4 10. Nxd4 cxd4 11. Nb5 a6 12. Nd6+ Kf8 13. Qf3 f5 14. Re1 h6
15. Bf4 Bf6 16. c5 Kg7 17. Nxb7 Bxb7 18. Qxb7 Rc8 19. Bd6 a5 1/2-1/2

[Event "9. Longericher Sommer-Open"]
[Site "9. Longericher Sommer-Open"]
[Date "2012.08.05"]
[Round "3.13"]
[White "Marzec, Witold"]
[Black "Dijkhuis, Tycho"]
[Result "0-1"]
[WhiteElo "1732"]
[BlackElo "2006"]
[PlyCount "76"]
[EventDate "2012.??.??"]
[BlackTeam "Schaakclub Utrecht"]

1. d4 Nf6 2. c4 g6 3. Nc3 Bg7 4. e4 d6 5. h3 O-O 6. Nf3 e5 7. d5 a5 8. a4 Na6
9. Be2 Nc5 10. Qc2 Nh5 11. Be3 Nf4 12. Bxf4 exf4 13. O-O-O f5 14. Nd4 Bd7 15.
f3 Qg5 16. Rhg1 fxe4 17. Nxe4 Nxe4 18. Qxe4 Rae8 19. Ne6 Bxe6 20. dxe6 Qc5 21.
Kb1 Qb4 22. Qc2 Rxe6 23. Bd3 Re3 24. Rd2 Rfe8 25. Rgd1 R8e5 26. Ka2 Rc5 27. Qb3
Qxb3+ 28. Kxb3 Kf7 29. Ka2 Kf6 30. b3 Kg5 31. Rc2 Kh4 32. Ka3 Bf6 33. b4 Rce5
34. bxa5 Rxa5 35. Kb4 Ra6 36. Ka3 Bd4 37. Ra2 Rb6 38. a5 Bc5+ 0-1

[Event "9. Longericher Sommer-Open"]
[Site "9. Longericher Sommer-Open"]
[Date "2012.08.05"]
[Round "3.14"]
[White "Gülsen, Taylan"]
[Black "Goldenstein, Arnd"]
[Result "1-0"]
[WhiteElo "1975"]
[BlackElo "1935"]
[PlyCount "105"]
[EventDate "2012.??.??"]
[WhiteTeam "SG Niederkassel"]
[BlackTeam "Klub Kölner SF e.V. 1"]

1. e4 e5 2. Nf3 Nc6 3. Bb5 a6 4. Bxc6 dxc6 5. O-O Qf6 6. d4 exd4 7. Qxd4 Qxd4
8. Nxd4 Bd7 9. Nc3 O-O-O 10. Nb3 Nf6 11. Bg5 h6 12. Be3 Re8 13. f3 Nd5 14. Bd2
Nb6 15. Rae1 Nc4 16. Nd1 Nxd2 17. Nxd2 Bc5+ 18. Kh1 Re7 19. Nf2 Bb4 20. c3 Ba5
21. Nc4 Bb6 22. Nxb6+ cxb6 23. Rd1 f5 24. Rd2 Rhe8 25. Rfd1 Be6 26. b3 Bf7 27.
g4 fxe4 28. Nxe4 Kb8 29. Nd6 Re1+ 30. Rxe1 Rxe1+ 31. Kg2 Bg6 32. f4 Re7 33. f5
Bf7 34. Nxf7 Rxf7 35. Kf3 Kc7 36. Kf4 Re7 37. g5 hxg5+ 38. Kxg5 Re1 39. Rd4 c5
40. Rg4 Kd6 41. Kg6 Re7 42. h4 Ke5 43. Rg1 Rd7 44. Re1+ Kf4 45. Rf1+ Ke5 46. h5
b5 47. h6 gxh6 48. f6 b4 49. cxb4 cxb4 50. f7 Rd8 51. Kg7 Rd7 52. Kxh6 Rd6+ 53.
Kg5 1-0

[Event "9. Longericher Sommer-Open"]
[Site "9. Longericher Sommer-Open"]
[Date "2012.08.05"]
[Round "3.15"]
[White "Spilles, Matthias"]
[Black "Florin, Jon"]
[Result "1-0"]
[WhiteElo "1971"]
[BlackElo "1815"]
[PlyCount "55"]
[EventDate "2012.??.??"]
[WhiteTeam "Brühler SK 1920 e.V."]
[BlackTeam "ASK Reti Zürich"]

1. e4 g6 2. d4 c6 3. Nc3 d5 4. e5 Nh6 5. f4 Bg4 6. Nf3 e6 7. Be3 Nf5 8. Bf2 Qb6
9. Qd2 Bxf3 10. gxf3 Nd7 11. O-O-O c5 12. dxc5 Bxc5 13. Na4 Qc6 14. Nxc5 Nxc5
15. Qb4 Na6 16. Qa5 O-O 17. h4 Rfc8 18. Bd3 Nc5 19. Bxf5 gxf5 20. Qd2 a5 21. h5
b5 22. Bh4 Nd7 23. Rdg1+ Kh8 24. h6 Rg8 25. Rg7 Rxg7 26. hxg7+ Kxg7 27. Be7 Qc8
28. Qh2 1-0

[Event "9. Longericher Sommer-Open"]
[Site "9. Longericher Sommer-Open"]
[Date "2012.08.05"]
[Round "3.17"]
[White "Janssen, Wolfgang"]
[Black "Mass, Elvira"]
[Result "0-1"]
[WhiteElo "1697"]
[BlackElo "1947"]
[PlyCount "66"]
[EventDate "2012.??.??"]
[WhiteTeam "SV Bayer Dormagen 47"]
[BlackTeam "SG Porz e.V."]

1. Nf3 Nf6 2. g3 g6 3. Bg2 Bg7 4. O-O O-O 5. d3 d6 6. e4 Nbd7 7. c3 c6 8. Nbd2
Qc7 9. Re1 b5 10. Nf1 a5 11. a3 Bb7 12. Ne3 Nc5 13. b4 axb4 14. cxb4 Na4 15.
Bd2 Nd7 16. d4 c5 17. Qc2 c4 18. Nd5 Bxd5 19. exd5 Nf6 20. Bg5 Nxd5 21. Nd2
Nab6 22. Be3 e6 23. Ne4 Ra7 24. Nc3 Nxc3 25. Qxc3 d5 26. Bf4 Qd7 27. Qe3 Rfa8
28. Ra2 Nc8 29. Bh3 Ne7 30. Qc3 Nc6 31. Be3 Ra4 32. Ree2 Qa7 33. Bc1 Nxd4 0-1

[Event "9. Longericher Sommer-Open"]
[Site "9. Longericher Sommer-Open"]
[Date "2012.08.05"]
[Round "3.18"]
[White "Hack, Thomas"]
[Black "Rieger, Isabelle"]
[Result "1-0"]
[WhiteElo "1942"]
[BlackElo "1598"]
[PlyCount "59"]
[EventDate "2012.??.??"]
[WhiteTeam "SK Turm Euskirchen 65"]
[BlackTeam "SV Fideler Bauer Lever"]

1. d4 Nf6 2. Nf3 g6 3. Bg5 Bg7 4. Nbd2 d6 5. e3 Nbd7 6. Bd3 c5 7. O-O O-O 8. c3
a6 9. a4 Rb8 10. Qe2 h6 11. Bh4 Nd5 12. a5 N7f6 13. h3 g5 14. Bg3 cxd4 15. cxd4
Nh5 16. Bh2 g4 17. Nh4 e5 18. Nf5 Bxf5 19. Bxf5 exd4 20. hxg4 dxe3 21. gxh5
exd2 22. Qxd2 Nc7 23. Bb1 Nb5 24. Qd3 Re8 25. Qh7+ Kf8 26. Bd3 Nc7 27. Rfe1
Rxe1+ 28. Rxe1 Bxb2 29. Qxh6+ Bg7 30. Bxd6+ 1-0

[Event "9. Longericher Sommer-Open"]
[Site "9. Longericher Sommer-Open"]
[Date "2012.08.05"]
[Round "3.19"]
[White "Heinemann, Josefine"]
[Black "Scholzen, Wolfgang"]
[Result "1-0"]
[WhiteElo "1852"]
[BlackElo "1966"]
[PlyCount "95"]
[EventDate "2012.??.??"]
[WhiteTeam "SG Aufbau Elbe Magdeburg"]
[BlackTeam "SK Turm Euskirchen 65"]

1. e4 e6 2. d4 d5 3. e5 c5 4. c3 Nc6 5. Nf3 Bd7 6. Be2 cxd4 7. cxd4 f6 8. O-O
Qc7 9. Re1 Bb4 10. Bd2 Bxd2 11. Qxd2 fxe5 12. Qg5 Nge7 13. Nxe5 Nxd4 14. Nc3
Nxe2+ 15. Rxe2 g6 16. Rae1 Qd6 17. Nxd7 Kxd7 18. Qf6 Rhf8 19. Qxe6+ Qxe6 20.
Rxe6 Rae8 21. Nb5 Nc6 22. Rxe8 Rxe8 23. Rxe8 Kxe8 24. Nc7+ Kd7 25. Nxd5 Ke6 26.
Nc3 Nb4 27. Kf1 Nd3 28. b3 Ke5 29. Ke2 Nb4 30. Ke3 g5 31. Kd2 h5 32. a3 Nc6 33.
Ne2 h4 34. Kd3 b5 35. f3 a6 36. g3 hxg3 37. hxg3 b4 38. f4+ gxf4 39. gxf4+ Kf5
40. axb4 Nxb4+ 41. Kc4 Nc2 42. Nd4+ Nxd4 43. Kxd4 Kxf4 44. b4 Kf5 45. Kd5 Kf6
46. Kc6 Ke6 47. Kb6 Kd7 48. Kxa6 1-0

[Event "9. Longericher Sommer-Open"]
[Site "9. Longericher Sommer-Open"]
[Date "2012.08.05"]
[Round "3.20"]
[White "Schmidt, Kai-Uwe"]
[Black "Hübben, Dominik"]
[Result "1-0"]
[WhiteElo "1951"]
[BlackElo "1854"]
[PlyCount "87"]
[EventDate "2012.??.??"]
[WhiteTeam "Klub Kölner SF e.V. 1"]
[BlackTeam "Eschweiler SC 1921 e.V."]

1. d4 d6 2. Nf3 g6 3. c4 Bg7 4. e4 Bg4 5. Be2 Nc6 6. d5 Bxf3 7. Bxf3 Nd4 8. Nc3
c5 9. dxc6 Nxc6 10. O-O Nf6 11. Bg5 O-O 12. Qd2 a5 13. Rac1 a4 14. Nd5 Nxd5 15.
cxd5 Nd4 16. Bg4 h5 17. Bd1 Qd7 18. Rc4 e5 19. dxe6 Nxe6 20. Be3 b5 21. Rb4 a3
22. bxa3 Rxa3 23. Bb3 Rc8 24. Qd5 Nc7 25. Qd3 Raa8 26. Rd1 Bf8 27. e5 d5 28.
Rf4 Ne6 29. Rf3 Nc7 30. Rg3 Bg7 31. f4 h4 32. Rh3 Qg4 33. Rf1 Ra6 34. Bd1 Qe6
35. f5 Qxe5 36. Rxh4 g5 37. Bd4 Qd6 38. Bxg7 gxh4 39. f6 Ra3 40. Qf5 Ne6 41.
Qh5 Nxg7 42. fxg7 f6 43. Qh8+ Kf7 44. Bh5+ 1-0

[Event "9. Longericher Sommer-Open"]
[Site "9. Longericher Sommer-Open"]
[Date "2012.08.05"]
[Round "3.21"]
[White "Brandl, Lea Maria"]
[Black "Spradley, Julian"]
[Result "1/2-1/2"]
[WhiteElo "1796"]
[BlackElo "1924"]
[PlyCount "151"]
[EventDate "2012.??.??"]
[WhiteTeam "SV 1920 Hofheim"]
[BlackTeam "SV Erftstadt e.V."]

1. d4 f5 2. Nf3 Nf6 3. g3 g6 4. c4 Bg7 5. Bg2 O-O 6. O-O d6 7. Nbd2 Qe8 8. b4
e5 9. d5 e4 10. Nd4 e3 11. N2b3 exf2+ 12. Rxf2 Ng4 13. Rf3 a5 14. Rb1 axb4 15.
Qc2 Na6 16. h3 Ne5 17. Rf1 Bd7 18. Bb2 Nc5 19. Ba1 Qe7 20. Rbd1 Qg5 21. Kh2 f4
22. gxf4 Rxf4 23. Rxf4 Qxf4+ 24. Kh1 Qh4 (24... Bxh3 25. Bxh3 Qh4 26. Kg2 Ng4
27. Bxg4 Qxg4+ 28. Kh1 Qh3+ 29. Kg1 Bh6) 25. Nxc5 dxc5 26. Ne6 Bxe6 27. dxe6
Qxc4 28. Qxc4 (28. e7 Qxc2 29. Rd8+) 28... Nxc4 29. Bxg7 Kxg7 30. Rd7+ Kf6 31.
Rxc7 Kxe6 32. Rxc5 Nd6 33. Bd5+ Kd7 34. Kg2 Nf5 35. Bb3 Nd6 36. Rd5 Kc6 37. Rd4
Kc5 38. Rh4 h5 39. Rf4 Nf5 40. Rc4+ Kb5 41. Re4 Rf8 42. Kh2 Rf6 43. Re5+ Kc6
44. Ba4+ Kd6 45. Rb5 Nd4 46. Rxb4 Nxe2 47. Rb6+ Ke5 48. Rxf6 Kxf6 49. Bb5 Nc3
50. Bc4 b5 51. Bb3 g5 52. Kg3 Ne4+ 53. Kg2 b4 54. Bd5 Nc3 55. Bb3 Kf5 56. Kf3
g4+ 57. hxg4+ hxg4+ 58. Kg2 Kf4 59. Bc4 Ne4 60. Bd5 Nd6 61. Bb3 Nf5 62. Kf2 g3+
63. Kg1 Ne3 64. Ba4 Ke5 65. Bb3 Kf4 66. Ba4 Nf5 67. Bb3 Nh4 68. Bd5 Nf3+ 69.
Kg2 Ne1+ 70. Kf1 Nd3 71. Kg1 Nc1 72. Bc4 Ke3 73. Kg2 Kd4 74. Bf7 Kc3 75. Kxg3
Kb2 76. Kf2 1/2-1/2

[Event "9. Longericher Sommer-Open"]
[Site "9. Longericher Sommer-Open"]
[Date "2012.08.05"]
[Round "3.22"]
[White "Andrä, Philipp"]
[Black "Henrotte, Nils"]
[Result "1/2-1/2"]
[WhiteElo "1789"]
[BlackElo "1885"]
[PlyCount "30"]
[EventDate "2012.??.??"]
[WhiteTeam "SG Solingen e.V."]
[BlackTeam "Eschweiler SC 1921 e.V."]

1. e4 e6 2. d4 d5 3. e5 c5 4. c3 Nc6 5. Nf3 Bd7 6. Be2 Qb6 7. O-O cxd4 8. cxd4
Be7 9. Nc3 h5 10. Na4 Qc7 11. Bg5 f6 12. exf6 gxf6 13. Bh4 O-O-O 14. Rc1 Bd6
15. Nc5 Kb8 1/2-1/2

[Event "9. Longericher Sommer-Open"]
[Site "9. Longericher Sommer-Open"]
[Date "2012.08.05"]
[Round "3.23"]
[White "Esser, Thomas"]
[Black "Wigger, Reiner"]
[Result "1/2-1/2"]
[WhiteElo "1872"]
[BlackElo "1843"]
[PlyCount "54"]
[EventDate "2012.??.??"]
[WhiteTeam "SV Horrem 1948"]
[BlackTeam "Indische Dame Münster"]

1. d4 Nf6 2. c4 e6 3. g3 Bb4+ 4. Bd2 Qe7 5. Nf3 Nc6 6. Nc3 Bxc3 7. Bxc3 Ne4 8.
Rc1 O-O 9. Bg2 d6 10. d5 Nxc3 11. Rxc3 Nb8 12. O-O e5 13. e4 a5 14. Ne1 Bd7 15.
Nd3 Na6 16. a3 a4 17. f4 exf4 18. gxf4 b5 19. c5 dxc5 20. e5 Rad8 21. Re1 c4
22. Nf2 Bf5 23. Be4 Bxe4 24. Rxe4 Nc5 25. Rd4 Nb3 26. Re4 Nc5 27. Rd4 Nb3
1/2-1/2